We testify

Đã lưu trong:
书目详细资料
主要作者: Schoonmaker, Nancy
格式: 图书
语言:Undetermined
出版: New York Smith & Durrell, Inc. 1941
主题:
标签: 添加标签
没有标签, 成为第一个标记此记录!
Thư viện lưu trữ: Trung tâm Học liệu Trường Đại học Cần Thơ
LEADER 00524nam a2200193Ia 4500
001 CTU_85135
008 210402s9999 xx 000 0 und d
082 |a 940.5373 
082 |b S372 
100 |a Schoonmaker, Nancy 
245 0 |a We testify 
245 0 |c Nancy Schoonmaker, Doiris Fielding Reid 
260 |a New York 
260 |b Smith & Durrell, Inc. 
260 |c 1941 
650 |a World war, 1939-1945 
650 |z United states 
904 |i Mai Loan 
980 |a Trung tâm Học liệu Trường Đại học Cần Thơ